Statistics for La Liga Winners

Click here to take the quiz!

General Stats

  • This quiz has been taken 3,811 times
    (283 since last reset)
  • The average score is 8 of 9

Answer Stats

# Club % Correct
26Barcelona
100%
10Atlético Madrid
99%
33Real Madrid
99%
6Valencia
95%
1Sevilla
87%
8Athletic Bilbao
79%
1Deportivo La Coruña
72%
2Real Sociedad
71%
1Real Betis
68%

Score Distribution

Percentile by Number Answered

Percent of People with Each Score

Your Score History

You have not taken this quiz since the last reset